Hej, chto v sviti, ozovysja!

Bibliographic Details
Main Author: Voľvač, Pavlo (Author)
Format: Article
Language:Slovak
Ukrainian
PhysicalDescription:Fotogr., obr.
Subjects:

MARC

LEADER 00000nab a2200000 a 4500
001 vtls000780074
003 SK-MaSNL
005 20260304115005.0
008 250429c2001 xo 0 slo
015 |a SNBRB2002/01-02048 
035 |a CLN000131830 
035 |a urn:nbn:sk:snk-abbuya 
035 |a (urnnbn)urn:nbn:sk:snk:ar-001cz5 
035 |a (uuid)00ae9948-d55f-48cf-a9ad-1d5eb822f469 
040 |a SNKBUCL  |b slo  |c SNKBUCL  |e AACR2 
041 0 |a ukr 
044 |a xo  |c SK 
080 |a 883-1=83  |2 1997 
100 1 |a Voľvač, Pavlo  |4 aut  |9 1420770 
245 1 0 |a Hej, chto v sviti, ozovysja!  |c Pavlo Voľvač 
300 |b Fotogr., obr. 
650 0 7 |a lyrické básne, ukrajinské  |2 snkbucl  |9 70201 
655 7 |a články z novín a časopisov  |2 snkbucl  |9 267496 
773 0 |t Duklja  |g Roč. 49, č. 3 (2001), s. 70-72 
850 |a Slovenská národná knižnica 
852 |a Slovenská národná knižnica 
958 |a article15 
958 |a OND 
958 |a UK 
958 |a SK 
958 |a LX 
958 |a UA 
958 |a EUIPO 
992 |a RBX 
999 |c 2874526  |d 2876456